000 00342 a2200157 4500
001 170846
020 _a
040 _cMagnum
100 _aEzequiel, Renato
240 1 0 _aO homem e deus quando cria
_lpor
245 1 0 _aO homem e deus quando cria
362 0 _a1899
440 1 _aArmazém de Idéias
697 _aA/FICCAO
942 _cBK
999 _c170846
_d170846